Los judíos y el evangelio / (Record no. 31485)

MARC details
000 -LEADER
campo de control de longitud fija 00885nam a2200241 i 4500
001 - NÚMERO DE CONTROL
campo de control 31485
003 - IDENTIFICADOR DE NÚMERO DE CONTROL
campo de control ES-MaACL
005 - FECHA Y HORA DE LA ÚLTIMA TRANSACCIÓN
campo de control 20251003164445.0
007 - CAMPO FIJO DE DESCRIPCIÓN FÍSICA--INFORMACIÓN GENERAL
campo de control de longitud fija t|
008 - DATOS DE LONGITUD FIJA--INFORMACIÓN GENERAL
campo de control de longitud fija 030129s1965 sp ||||1| spa d
100 1# - ENTRADA PRINCIPAL--NOMBRE DE PERSONA
Nombre de persona Baum, Gregory.
9 (RLIN) 26576
245 14 - MENCIÓN DEL TÍTULO
Título Los judíos y el evangelio /
Mención de responsabilidad, etc. Gregory Baum ; traducción del inglés e introducción del Jesús Alvarez del Carmen ; con una presentación de Casimiro Morcillo.
260 ## - PUBLICACIÓN, DISTRIBUCIÓN, ETC.
Lugar de publicación, distribución, etc. Madrid :
Nombre del editor, distribuidor, etc. Aguilar,
Fecha de publicación, distribución, etc. [1965]
300 ## - DESCRIPCIÓN FÍSICA
Extensión XXVII, 384 p. ;
Dimensiones 21 cm.
490 1# - MENCIÓN DE SERIE
Mención de serie Colección Literatura
630 #4 - PUNTO DE ACCESO ADICIONAL DE MATERIA--TÍTULO UNIFORME
Título uniforme Biblia.
Nombre de parte o sección de la obra N.T.-
Subdivisión general Crítica e interpretación
9 (RLIN) 119291
650 #4 - PUNTO DE ACCESO ADICIONAL DE MATERIA--TÉRMINO DE MATERIA
Término de materia o nombre geográfico como elemento de entrada Cristianismo y judaísmo.
9 (RLIN) 11435
700 1# - ENTRADA AGREGADA--NOMBRE PERSONAL
Nombre de persona Alvarez del Carmen, Jesús.
9 (RLIN) 20788
700 1# - ENTRADA AGREGADA--NOMBRE PERSONAL
Nombre de persona Morcillo, Casimiro,
Fechas asociadas al nombre 1904-1971
9 (RLIN) 83188
830 0# - PUNTO DE ACCESO ADICIONAL DE SERIE-TÍTULO UNIFORME
Título uniforme Colección Literatura
9 (RLIN) 180511
852 ## - LOCALIZACIÓN
Ubicación ES-MaACL
Número de control de estantería C-28769
Sublocalización o colección R.57987
Holdings
Estatus retirado Estado de pérdida Estado de daño No para préstamo Biblioteca de origen Biblioteca actual Ubicación en estantería Fecha de adquisición Fuente de adquisición Total de préstamos Signatura topográfica completa Código de barras Visto por última vez Precio de reemplazo Tipo de ítem Koha
        Biblioteca del Ateneo de Madrid Biblioteca del Ateneo de Madrid Depósito 2 17/01/2008     C-28769 1032537 23/02/2023 23/02/2023 Libro impreso